00634 a2200169 4500003000500000005001700005040000900022082001300031100002300044245006200067260003300129300002400162505018200186538003000368600002300398650004300421Nust20170207153251.0 cNust a621.3822 aReza, Fazlollah M. aAn introduction to information theory.cFazlollah M.Reza, aMcGraw-Hill,bNew Yorkc1961 a496 pbillusc24 cm aPART-1: Discrete Schemes without Memory (Page-19) PART-2: Continuum without Memory (Page-191) PART-3: Schemes with Memory (Page-338) PART-4: Some Recent Developments (Page-398)  aAlmirah No.38, Shelf No.1 aReza, Fazlollah M. aAn introduction to information theory.